000 00804nam2a22002411 4500
001 2569410
005 20250622223934.0
035 _a(NLR Aleph) 006453456
090 _a5762358
_c5762358
100 _a20110316d1983 |||y0rusy50 ca
101 0 _arus
102 _aRU
105 _ay z |||||
200 0 _aВып. 3
_fСост. Н.Б. Мишанова
210 _d1983
_aБ. м.
215 _a11 л.
461 0 _10012569390
_12001#$aВ помощь художественной самодеятельности$eИнформ. список лит.$fРесп. центр. б-ка для слепых. Нот.-муз. отд.$vВып. 3
702 1 _aМишанова
_bН.Б.
_4220
801 0 _aRU
_bNLR
_gpsbo
801 1 _aRU
_bELAR
_2rusmarc
852 _aNLR
_jDesideratum
942 _cBOOK
980 _aNB